000 00364nam a2200169Ia 4500
001 28979
003 IN-NITTTR
005 20251114233357.0
008 251113s9999||||xx |||||||||||||| ||eng||
040 _beng
040 _cIN-NITTTR
041 _aeng
082 _a327.2 C36C
100 _aChanakya,
245 0 _aChanakya neeti /
_cChanakya
942 _2ddc
_cBK
999 _c31607
_d31607